00241nam a2200109Ia 4500008004100000020001500041100002100056245001600077250000700093260002200100300000900122211105s9999 xx 000 0 und d aVYASA01125 aTiwari Omprakash 0aAstang Yoga a\N bKaivalyadhamac\N a62p.